01008nam a2200193 i 450000100060000000300090000600700030001500800410001808000180005908000220007724501110009926000460021030000410025650001500029750502650044765000390071265000390075185200240079086309ES-MaACLt|041223s1999 sp ||||1| spa d a940.1(084.42) a940.2"15"(084.42)00aAtlas histórico multimedia b: . Vol. 3, El fin del Medievo y el Renacimiento [hRecurso electrónico]. a[Madrid?] : bMediasat España, c[1999] a1 disco compacto (CD-ROM) ; c12 cm. aRequisitos del sistema: Pentium, 32 Mb de RAM, Windows 3.1/Windows 95, Lector de CD-ROM 4x, Gráficos 800x600-65.000 colores, Tarjeta de sonido.8 aContiene: Gengis Khan y el Imperio Mongol - Italia, entre la Edad Media y el Renacimiento - Europa al final de la Edad Media - Las primeras exploraciones - El descubrimiento de América - La expansión colonial - Las dinastías de los Ming y de los Manchú14aHistoria medieval-xAtlas-vCD-ROM14aHistoria moderna-xAtlas- vCD-ROM aES-MaACLjROT 1/4/3